000
00297nam a22001097a 4500
082
_a
001
100
_a
India Todey The Remaking Of India 1975-2025
_9
83695
245
_a
India Todey The Remaking Of India 1975-2025
260
_a
Delhi
_b
India Today
_c
2026
650
_a
magazine
_9
83696
942
_c
BK
999
_c
68646
_d
68646